| 000 | 00000nam##2200000za#4500 |
| 001 | 9.700309 |
| 003 | CaOODSP |
| 005 | 20210625000758 |
| 007 | cr ||||||||||| |
| 008 | 150407|2015||||xxc|||||o f|0| 0 eng|d |
| 020 | |a978-1-100-25656-6 |
| 040 | |aCaOODSP|beng |
| 043 | |an-cn--- |
| 086 | 1 |aCH7-22/2015E-PDF |
| 110 | 1 |aCanada. |bCanadian Heritage. |
| 245 | 10|aEvaluation of the Canadian Heritage Information Network 2008-09 to 2012-13 / |h[electronic resource]|c[issued by the] Evaluation Services Directorate. |
| 260 | |aOttawa - Ontario : |bCanadian Heritage |cDecember 23, 2014. |
| 300 | |a78p.|bfigs., graphs, tables |
| 504 | |aBibliography. |
| 590 | |a15-12|b2015-03-20 |
| 775 | 08|tÉvaluation du Réseau canadien d'information sur le patrimoine de 2008-2009 à 2012-2013 / |w(CaOODSP)9.644205 |
| 776 | 0#|tEvaluation of the Canadian Heritage Information Network 2008-09 to 2012-13 / |w(CaOODSP)9.630278 |
| 856 | 40|ahttp://publications.gc.ca|qPDF|s1042 KB|uhttps://publications.gc.ca/collections/collection_2015/pc-ch/CH7-22-2015-eng.pdf |